Statistiques concernant Culture G Pokémon #9

Cliquez ici pour prendre le quiz!

Statistiques générales

  • Ce quiz a été pris 185 fois
    (98 depuis la dernière actualisation)
  • Le résultat moyen est 21 sur 50

Statistiques - réponses

QuestionRéponse% Correct
Quel est le type de prédilection d'Albert et Carolina ?Vol
90%
Quel est l'alter ego masculin de Lumivole ?Muciole
82%
Quel Pokémon de base utilise sa peau comme pantalon ?Baggiguane
81%
Quel objet permet à un Pokémon de monter d'un niveau ?Super Bonbon
81%
Quelle statistique est susceptible d'être augmentée d'un cran par l'attaque Poing Météore ?Attaque
78%
Quel est le seul Pokémon non légendaire de type Combat et Vol ?Brutalibré
76%
Quel starter de base de type Feu est le plus léger ?Poussifeu
75%
Quel est le tout premier Pokémon à avoir été imaginé par les créateurs de la série ?Rhinoféros
75%
À Sinnoh, quel accessoire permet de surveiller différentes choses comme le nombre de pas, la présence d'un œuf à la Pension ou la localisation d'un Pokémon légendaire fuyard ?Pokémontre
72%
Quelle est la seule Ultra-Chimère qui peut évoluer ?Vémini
71%
Du port de quelle ville peut-on embarquer à bord de l'Océane ?Carmin sur Mer
66%
Quelle attaque Saquedeneu et Yanma doivent-ils connaître pour évoluer ?Pouvoir Antique
60%
Quel est le seul Pokémon chromatique de Sacha ?Noarfang
57%
Quel lieu de Sinnoh, permettant de capturer Motisma dans une télévision, est réputé pour sa spécialité appelée Vieux Gâteau ?Vieux Château
57%
Quelle ville de Kanto abrite un Musée des Sciences ?Argenta
56%
Comment s'appelle le prétendu descendant des premiers rois de Galar, que l'on affronte dans la version Bouclier ?Jean-Targe
56%
Quel est le talent signature de Darkrai ?Mauvais Rêve
51%
Quel objet permet au porteur de fuir à coup sûr face à n'importe quel Pokémon sauvage ?Boule Fumée
49%
Quels éléments de végétation scintillants faut-il "allumer" pour se repérer dans la Forêt de Lumirinth ?Champignons
49%
De quelle ville bretonne, connue pour ses alignements de menhirs, est inspirée la ville de Cromlac'h ?Carnac
46%
Quel est le prénom du Gamin qui parle souvent de son Rattata au téléphone dans les versions HeartGold et SoulSilver ?Farouk
46%
Quel jeu était nécessaire pour obtenir Manaphy avant l'évènement de juin 2016 ?Pokémon Ranger
46%
Quelle minuscule ville d'Unys est accessible uniquement via une ligne particulière du Métro de Combat ?Rotombourg
46%
Complétez le nom du jeu sorti en France en septembre 2012. Apprends avec Pokémon : À la Conquête du...Clavier
44%
Quelle boisson énergisante augmente de 10 les EV Vitesse d'un Pokémon ?Carbone
41%
Quelle est la plus puissante attaque de type Acier, qui retire 50% des PV du lanceur ?Métalaser
41%
Quel Pokémon est défini dans le Pokédex comme étant un Pokémon Coconplopode ?Scobolide
40%
Quel est le prénom de la mère de Sacha ?Delia
37%
Lorsqu'on brise des rochers avec Éclate-Roc dans la Grotte Granite, près de Myokara, on peut rencontrer des Racaillou et des...Tarinor
37%
Comment s'appelle la responsable du réseau PC à Hoenn ?Annette
35%
Quel objet, donné à Papi Ultime, permet de monter à 31 l'IV d'un Pokémon dans une statistique ?Capsule d'Argent
35%
Quel lieu d'Unys peut-on aménager dans les versions Noire et Blanche 2 pour y installer des commerces ?Galerie Concorde
32%
Quel est le titre de noblesse le plus haut au Château de Combat dans les versions X et Y ?Grand-Duc
31%
Combien Métamorph a-t-il dans chacune de ses statistiques de base ?48
26%
Sur quelle route de Johto se trouve la Pension ?Route 34
25%
Comment est surnommé le cœur de Zygarde qui accompagne le Pokégroupe pendant la saison 19 ?Pouic
24%
Sur l'île de Poké Loisir, qu'obtient-on en secouant un arbre ?Poké Fèves
22%
Avant la 8G, quel était le seul Pokémon de type Normal, apte à apprendre des CT, ne pouvant pas apprendre Abri ?Regigigas
19%
Quelle attaque Amphinobi exécute-t-il à la suite de Tatamigaeshi lorsqu'il utilise Technique Secrète Ninja, son Smash Final, dans la série des Super Smash Bros. ?Tranche-Nuit
19%
Comment s'appelle le talent de Morpeko ?Déclic Fringale
18%
Quel Pokémon évolue au niveau 39 pendant la journée ?Ptyranidur
18%
Quelle est la capacité Z signature de Lougaroc ?Hurlement des Roches-Lames
15%
À quel endroit peut-on capturer des Queulorior, près de la Zone de Combat dans la version Émeraude ?Grotte Atelier
9%
Dans l'animé, comment s'appelle Charline, la meneuse du Reptile de Combat ?Lucy
9%
Quelle serait la puissance finale, arrondie à l'unité près, d'une attaque Déflagration utilsée par un Typhlosion, ayant activé son talent Torche, sur un Parasect disposant du talent Peau Sèche, sous un fort ensoleillement, et faisant un coup critique ?2784
6%
Quel autre nom porte la Route 16 de Kalos, qui relie Illumis et La Frescale ?Chemin Tristesse
6%
Combien de pas faut-il faire pour faire éclore un œuf de Bulbizarre, de Méditikka ou de Bombydou, sans utiliser de méthode d'accélération de l'éclosion des œufs ?5120
4%
De quel kami, divinité japonaise, est inspiré Démétéros ?Inari
3%
Dans quel lieu de Couronneige capture-t-on Regieleki et Regidrago ?Ruines du Choix
3%
Dans Pokémon Ranger : Nuit sur Almia, comment s'appelle l'île abritant un volcan ?Terruptive
3%

Distribution des résultats

Percentile par nombre de réponses

% des personnes avec chaque résultat

Votre développement - résultats

Vous n’avez pas pris ce quiz depuis la dernière actualisation